Games for Vocabulary Practice interactive vocabulary activities for all levels

Salvato in:
Dettagli Bibliografici
Autore principale: O´Dell, Felicity
Altri autori: Head, Katie
Natura: Libro
Lingua:inglese
Pubblicazione: Cambridge Cambridge University Press 2004
Edizione:1. ed. 1. reprinted
Soggetti:
Accesso online:Visualizza in OPAC
Tags: Aggiungi Tag
Nessun Tag, puoi essere il primo ad aggiungerne!!

MARC

LEADER 00000nam a2200000 a 4500
005 20260127134112.0
008 050419 2004 enk 000 0 eng d
020 |a 0521006511 
035 |a vtls001560570 
039 9 |a 200810290844  |b mkpoh04  |y 200504191024  |z mschk03 
040 |a STUSCHK1  |b slo  |c STUSCHK1  |e AACR2 
080 |a 802.0 
100 1 |a O´Dell, Felicity 
245 1 0 |a Games for Vocabulary Practice  |b interactive vocabulary activities for all levels 
250 |a 1. ed. 1. reprinted 
260 |a Cambridge  |b Cambridge University Press  |c 2004 
300 |a 120 s. 
650 0 |a angličtina  |x učebnica 
700 1 |a Head, Katie 
910 |a SCHK95 
910 |a pokpoh 
919 |a 0-521-00651-1 
999 |c 4097  |d 4097